Red de Mujeres por la Paz: edición especial sobre paz, gobernabilidad urbana, y derechos de la mujer a la tierra y la propiedad. Women and peace network: special issue on peace, urban governance, land and property rights of women
Zapisane w:
| Format: | Texto |
|---|---|
| Wydane: |
[San José]:
Fundación Arias para la Paz y el Progreso Humano
|
| Hasła przedmiotowe: | |
| Etykiety: |
Dodaj etykietę
Nie ma etykietki, Dołącz pierwszą etykiete!
|
MARC
| LEADER | 00000 a a2200000 04500 | ||
|---|---|---|---|
| 001 | 32844 | ||
| 003 | |||
| 040 | |||
| 090 | |a 197300 | ||
| 245 | |a Red de Mujeres por la Paz: edición especial sobre paz, gobernabilidad urbana, y derechos de la mujer a la tierra y la propiedad. Women and peace network: special issue on peace, urban governance, land and property rights of women | ||
| 260 | |a [San José]: |b Fundación Arias para la Paz y el Progreso Humano | ||
| 300 | |a 38 p. |b il. | ||
| 650 | |a GOBERNABILIDAD | ||
| 650 | |a GENERO | ||
| 650 | |a DERECHOS DE PROPIEDAD | ||
| 650 | |a TENENCIA DE LA TIERRA | ||
| 650 | |a PAZ | ||
| 999 | |c 13084 |d 13084 | ||
